France Métropolitaine - Les Essentiels À Savoir (Carte Quiz) - Statistiques

Statistiques générales
  • Ce quiz a été pris 708 fois
  • Le résultat moyen est 112 sur 145
Réponses sur la Carte
Les réponses sont colorées sur une échelle allant du rouge au vert en fonction du pourcentage des utilisateurs qui les ont devinées à leur premier essai. Vous pouvez retrouver ces pourcentages ci-dessous.
 
Statistiques - réponses
Types Réponses % Correct
Massif montagneux Alpes
98%
Fleuve Seine
98%
Département | Fleuve Loire
97%
Pays limitrophe Luxembourg
97%
Préfecture de région Bordeaux
96%
Préfecture de région Lille
96%
Préfecture de région Marseille
96%
Département | Préfecture de région Paris
96%
Massif montagneux Pyrénées
96%
Département | Fleuve Rhône
96%
Pays limitrophe Andorre
95%
Région Bretagne
95%
Pays limitrophe Espagne
95%
Pays limitrophe Monaco
95%
Pays limitrophe Belgique
94%
Pays limitrophe Italie
94%
Préfecture de région Lyon
94%
Fleuve Rhin
94%
Préfecture de région Strasbourg
94%
Pays limitrophe Suisse
94%
Préfecture de région Toulouse
94%
Pays limitrophe Allemagne
93%
Fleuve Garonne
93%
Département | Massif montagneux Jura
93%
Région Corse
92%
Préfecture de région Rennes
92%
Région Île-de-France
91%
Département | Mer Manche
91%
Massif montagneux Massif Central
91%
Mer Mer Méditerranée
91%
Préfecture de région Nantes
91%
Département Nord
91%
Région Normandie
91%
Océan Océan Atlantique
91%
Région Grand Est
90%
Région Provence-Alpes-Côte d'Azur
90%
Préfecture de région Ajaccio
89%
Région Occitanie
88%
Région Hauts-de-France
87%
Département | Massif montagneux Vosges
87%
Département Ain
85%
Préfecture de région Dijon
84%
Préfecture de région Orléans
84%
Mer Mer du Nord
83%
Région Nouvelle Aquitaine
83%
Préfecture de région Rouen
82%
Département Aisne
80%
Région Centre-Val de Loire
80%
Département Finistère
80%
Région Pays de la Loire
80%
Région Auvergne-Rhône-Alpes
79%
Département Corse-du-Sud
79%
Département Haute-Corse
79%
Département Pas-de-Calais
79%
Région Bourgogne-Franche-Comté
78%
Département Yvelines
78%
Département Bas-Rhin
77%
Département Bouches-du-Rhône
77%
Département Haut-Rhin
77%
Département Seine-Saint-Denis
77%
Département Charente
76%
Département Loire-Atlantique
76%
Département Moselle
76%
Département Var
76%
Département Gironde
75%
Département Loiret
75%
Département Pyrénées-Orientales
75%
Département Charente-Maritime
74%
Département Oise
74%
Département Pyrénées-Atlantiques
74%
Département Savoie
74%
Département Alpes-Maritimes
73%
Département Côtes-d'Armor
73%
Département Haute-Savoie
73%
Département Ille-et-Vilaine
73%
Département Marne
72%
Département Meurthe-et-Moselle
72%
Département Morbihan
72%
Département Seine-et-Marne
72%
Département Calvados
71%
Département Cher
71%
Département Vendée
71%
Département Allier
70%
Département Eure
70%
Département Hérault
70%
Département Isère
70%
Département Loir-et-Cher
70%
Département Ardèche
69%
Département Ardennes
69%
Département Gard
69%
Département Hautes-Alpes
69%
Département Landes
69%
Département Seine-Maritime
69%
Département Tarn
69%
Département Cantal
68%
Département Doubs
68%
Département Essonne
68%
Département Haute-Garonne
68%
Département Hautes-Pyrénées
68%
Département Lot
68%
Département Ariège
67%
Département Aude
67%
Département Creuse
67%
Département Eure-et-Loir
67%
Département Indre
67%
Département Indre-et-Loire
67%
Département Somme
67%
Département Vaucluse
67%
Département Alpes-de-Haute-Provence
66%
Département Aube
66%
Département Aveyron
66%
Département Côte-d'Or
66%
Département Meuse
66%
Département Tarn-et-Garonne
66%
Département Territoire de Belfort
66%
Département Val-d'Oise
66%
Département Dordogne
65%
Département Gers
65%
Département Hauts-de-Seine
65%
Département Lot-et-Garonne
65%
Département Mayenne
65%
Département Val-de-Marne
65%
Département Corrèze
64%
Département Drôme
64%
Département Haute-Loire
64%
Département Vienne
64%
Département Yonne
64%
Département Saône-et-Loire
63%
Département Haute-Marne
62%
Département Orne
62%
Département Puy-de-Dôme
62%
Département Deux-Sèvres
61%
Département Sarthe
61%
Département Haute-Vienne
60%
Département Lozère
60%
Département Maine-et-Loire
59%
Département Nièvre
59%
Département Haute-Saône
57%
Massif montagneux Massif Armoricain
53%
Aucun quiz correspondant
Distribution des résultats
% des personnes avec chaque résultat
Percentile par nombre de réponses
Votre historique - résultats
Vous n’avez pas pris ce quiz